Regions of Eritrea - Statistics

General Stats
  • This quiz has been taken 31 times
  • The average score is 4 of 6
Answer Stats
Population Region % Correct
890,000 Anseba Region
80%
1,100,000 Gash-Barka Region
80%
900,000 Northern Red Sea Region
73%
400,000 Southern Red Sea Region
73%
1,050,000 Maekel Region
67%
1,480,000 Debub Region
60%
No matching quizzes found
Score Distribution
Percent of People with Each Score
Percentile by Number Answered
Your Score History
You have not taken this quiz